Colonial discourse postcolonial theory (Record no. 169387)

MARC details
000 -LEADER
fixed length control field 00681nam a2200241Ia 4500
003 - CONTROL NUMBER IDENTIFIER
control field OSt
005 - DATE AND TIME OF LATEST TRANSACTION
control field 20251024160254.0
008 - FIXED-LENGTH DATA ELEMENTS--GENERAL INFORMATION
fixed length control field 210423s2015 xx 000 0 und d
020 ## - INTERNATIONAL STANDARD BOOK NUMBER
International Standard Book Number 9788130919119
040 ## - CATALOGING SOURCE
Transcribing agency AL
041 ## - LANGUAGE CODE
Language code of text/sound track or separate title English
082 ## - DEWEY DECIMAL CLASSIFICATION NUMBER
Classification number 801.97
Item number BARC
100 ## - MAIN ENTRY--PERSONAL NAME
Personal name Francis Barker
9 (RLIN) 84811
245 ## - TITLE STATEMENT
Title Colonial discourse postcolonial theory
260 ## - PUBLICATION, DISTRIBUTION, ETC.
Place of publication, distribution, etc. New Delhi
Name of publisher, distributor, etc. Viva Books Pvt Ltd
Date of publication, distribution, etc. 2015
300 ## - PHYSICAL DESCRIPTION
Extent vii,288p.
Other physical details PB
Dimensions 23x15.2cm.
365 ## - TRADE PRICE
Price amount 595
Currency code INR
650 ## - SUBJECT ADDED ENTRY--TOPICAL TERM
Topical term or geographic name entry element Literature
9 (RLIN) 84812
700 ## - ADDED ENTRY--PERSONAL NAME
Personal name Hulme, Peter
9 (RLIN) 242704
700 ## - ADDED ENTRY--PERSONAL NAME
Personal name Iversen, Margaret
9 (RLIN) 242705
906 ## - LOCAL DATA ELEMENT F, LDF (RLIN)
a Colonial ; discourse ; discoursse ; postcolonial ; theory
942 ## - ADDED ENTRY ELEMENTS (KOHA)
Source of classification or shelving scheme Dewey Decimal Classification
Koha item type Book
Holdings
Withdrawn status Lost status Damaged status Not for loan Collection code Home library Current library Date acquired Source of acquisition Cost, normal purchase price Total Checkouts Full call number Barcode Date last seen Price effective from Koha item type
        MA English St Aloysius PG Library St Aloysius PG Library 09/18/2018 Viva Books Pvt Ltd 595.00   801.97 BARC PG015889 08/24/2022 04/26/2021 Book